| 000 | 01078nam a2200229Ia 4500 | ||
|---|---|---|---|
| 001 | 15699 | ||
| 005 | 20260408171631.0 | ||
| 008 | 260306t2014||||xx |||||||||||||| ||und|| | ||
| 041 | _aESP | ||
| 082 |
_a577.14 _bB16 2014 |
||
| 100 |
_aBaird, Colin _eAUT |
||
| 245 | 0 | _aQuímica ambiental | |
| 260 | _c2014 | ||
| 300 |
_axxxi, 776 páginas : _c25 cm. |
||
| 650 | _aGEN | ||
| 654 | _aCIA | ||
| 856 |
_uhttps://itmsp.museknowledge.com/UCSP?url=https://www.ebooks7-24.com:443/?il=390&pg=1 _zVéase además: Química ambiental, por Jorge Guillermo Ibáñez Cornejo. Versión digital |
||
| 856 |
_uhttps://0u213vo0k-y-https-ebooks7--24-com.itmsp.museknowledge.com/biblioteca.aspx _zVéase además: Base de datos Ebook7-24 |
||
| 856 |
_uhttps://0u20fvo0t-y-https-research-ebsco-com.itmsp.museknowledge.com/c/qxo6us/search _zVéase además: Base de datos EBSCOhost |
||
| 856 |
_uhttps://0u21avo15-y-https-go-gale-com.itmsp.museknowledge.com/ps/start.do?authCount=1&u=ucsp&p=IFME&aty=ip _zVéase además: Base de datos Gale OneFile Informe Académico |
||
| 942 |
_cLIB _dJUS _fJUS _2ddc |
||
| 999 |
_c15699 _d15699 |
||